5HLuxD.jpg

KING HENRY VIII SENIOR AND PRIMARY SCHOOL LIBRARY OPAC

The bear's winter house / (Record no. 4883)

000 -LEADER
fixed length control field 00835cam a2200265 a 4500
001 - CONTROL NUMBER
control field (Sirsi) a628323
003 - CONTROL NUMBER IDENTIFIER
control field 0
005 - DATE AND TIME OF LATEST TRANSACTION
control field 20250421161751.0
008 - FIXED-LENGTH DATA ELEMENTS--GENERAL INFORMATION
fixed length control field 100409s2009 enka b 000 1 eng d
020 ## - INTERNATIONAL STANDARD BOOK NUMBER
International Standard Book Number 184270916X (pbk.) :
Terms of availability £5.99
020 ## - INTERNATIONAL STANDARD BOOK NUMBER
International Standard Book Number 9781842709160 (pbk.) :
Terms of availability £5.99
040 ## - CATALOGING SOURCE
Original cataloging agency DLC
Transcribing agency DLC
Modifying agency DLC
-- TAE
042 ## - AUTHENTICATION CODE
Authentication code nbic
050 00 - LIBRARY OF CONGRESS CALL NUMBER
Classification number PZ10.3.Y6
Item number Be
082 0# - DEWEY DECIMAL CLASSIFICATION NUMBER
Classification number 823.914
Item number Y46
100 1# - MAIN ENTRY--PERSONAL NAME
Personal name Yeoman, John.
245 14 - TITLE STATEMENT
Title The bear's winter house /
Statement of responsibility, etc. by John Yeoman ; illustrated by Quentin Blake.
260 ## - PUBLICATION, DISTRIBUTION, ETC.
Place of publication, distribution, etc. London :
Name of publisher, distributor, etc. Andersen,
Date of publication, distribution, etc. 2009.
300 ## - PHYSICAL DESCRIPTION
Extent [32] p. :
Other physical details col. ill. ;
Dimensions 28 cm.
520 ## - SUMMARY, ETC.
Summary, etc. Since his animal houseguests kept him awake during the winter, bear goes back to sleep when spring arrives.
521 1# - TARGET AUDIENCE NOTE
Target audience note 4-8.
650 #1 - SUBJECT ADDED ENTRY--TOPICAL TERM
Topical term or geographic name entry element Animals
General subdivision Fiction.
700 1# - ADDED ENTRY--PERSONAL NAME
Personal name Blake, Quentin,
Relator term ill.
942 ## - ADDED ENTRY ELEMENTS (KOHA)
Source of classification or shelving scheme
Koha item type Books - Fiction
Holdings
Withdrawn status Lost status Source of classification or shelving scheme Damaged status Not for loan Permanent Location Current Location Date acquired Total Checkouts Full call number Barcode Date last seen Date last checked out Price effective from Koha item type Public note
          KH8 Primary School Library KH8 Primary School Library 2026-01-13 1 823.914 Y46 KHPL000006895 2026-02-24 2026-01-13 2026-01-13 Books - Fiction PRIMARY LIBRARY

Powered By KH8 IT Dept